000 00347nam a2200133Ia 4500
005 20251222141831.0
008 251222s9999||||xx |||||||||||||| ||spa||
020 _a970-665-204-3
082 _a657.45/P23A
100 _aPaniagua Bravo, Víctor
245 0 _aAuditoria Integral
264 _bInstituto Mexicano de Contadores Públicos
942 _cLIB
999 _c7112
_d7112